Score 0/10 Timer 01:30
5 Plays Today
% Correct
BUMBLE
93.1%
FUMBLE
93.1%
RUMBLE
93.1%
HUMBLE
92.4%
TUMBLE
91.7%
MUMBLE
89.9%
CRUMBLE
81.9%
STUMBLE
81.4%
GRUMBLE
68.4%
SCUMBLE
19.9%

You're not logged in!

Compare scores with friends on all Sporcle quizzes.
OR
Log In

Sporcle TV

Today on Sporcle TV


Watch our educational content, quiz creation guides, and fun videos on Sporcle TV.

Show Comments

Extras

Top Quizzes Today


Score Distribution

Paid Content

Your Account Isn't Verified!

In order to create a playlist on Sporcle, you need to verify the email address you used during registration. Go to your Sporcle Settings to finish the process.

Report this User

Report this user for behavior that violates our Community Guidelines.

Details: